000 00758nam a22001937a 4500
999 _c163945
_d163945
005 20190506160125.0
010 _aUR-10067
020 _c200.00
_a9789387829947
035 _aU-8622
037 _bDBAD/PUB
082 _a841
100 _aڈ ا کٹر عشر ت بيتا ب
245 _aمحب الر حمن کو ثر :تخليقی سفر ا يک جا ءز ہ
_cڈ ا کٹر عشر ت بيتا ب
246 _b‏Mohibur Rehman Kausar :Takhleequees Safar Ek Jaiza(Urdu)
_aby Dr. Ishrat Betab
260 _a Delhi
_bEducational Publishing House
_c2018 ء
270 _a3191،Vakil Street,Kucha Pandit,Lal Kuan,
_bDelhi
_e110006
_k23216162
_l00911123211540
300 _a120ص
_c22 Cm.(bk)
942 _2ddc
_cUR
_h841
_mع ش ر